000 00303nam a22001337a 4500
008 171227b xxu||||| |||| 00| 0 eng d
020 _a2900495018109
041 _aeng
080 _23 ED
_a52
100 _a42
101 _aAST
245 _aVOYAGES TO THE PLANETS
_cFRAKNOI.M.W
942 _2udc
_cBK
999 _c39459
_d39459